Most Populated City in Each County in Virginia - Statistics

General Stats
  • This quiz has been taken 32 times
  • The average score is 34 of 95
Answer Stats
County City Pop. City % Correct
Arlington 232,965 Arlington
94%
Albemarle 45,672 Charlottesville
83%
Montgomery 44,949 Blacksburg
78%
Loudoun 48,908 Leesburg
78%
Frederick 28,136 Winchester
78%
Appomattox 1,916 Appomattox
72%
Wythe 8,241 Wytheville
67%
Culpeper 20,493 Culpeper
61%
Rockingham 51,430 Harrisonburg
61%
Rockbridge 7,456 Lexington
61%
Louisa 2,066 Louisa
61%
Hanover 7,573 Ashland
56%
Bedford 6,642 Bedford
56%
Chesterfield 22,098 Chester
56%
Cumberland 7,202 Farmville
56%
Prince Edward 7,202 Farmville
56%
Madison 207 Madison
56%
New Kent 799 New Kent
56%
Orange 5,157 Orange
56%
Powhatan 416 Powhatan
56%
Augusta 25,661 Staunton
56%
Amherst 2,152 Amherst
50%
Alleghany 5,717 Covington
50%
Warren 15,155 Front Royal
50%
Goochland 25,488 Goochland
50%
Fairfax 24,339 Herndon
50%
Pulaski 8,961 Pulaski
50%
Halifax 7,932 South Boston
50%
Mecklenburg 4,709 South Hill
50%
Essex 2,241 Tappahannock
50%
Washington 8,321 Abingdon
44%
Floyd 450 Floyd
44%
Page 4,794 Luray
44%
Spotsylvania 5,027 Spotsylvania Courthouse
44%
Fauquier 10,109 Warrenton
44%
James City 15,590 Williamsburg
44%
Accomack 522 Accomac
39%
Amelia 1,050 Amelia Court House
39%
Bland 313 Bland
39%
Charles City 26 Charles City
39%
Isle of Wight 8,693 Smithfield
39%
Rappahannock 83 Washington
39%
Campbell 3,364 Altavista
33%
Wise 5,206 Big Stone Gap
33%
Pittsylvania 1,191 Chatham
33%
Southampton 1,295 Courtland
33%
King George 4,601 King George
33%
Mathews 683 Mathews
33%
Franklin 4,900 Rocky Mount
33%
Shenandoah 7,191 Strasburg
33%
King William 3,419 West Point
33%
Clarke 4,561 Berryville
28%
Prince William 72,062 Dale City
28%
King and Queen 90 King and Queen Court House
28%
Brunswick 1,016 Lawrenceville
28%
Smyth 5,762 Marion
28%
Dinwiddie 450 McKenney
28%
Patrick 1,346 Stuart
28%
Richmond 1,657 Warsaw
28%
Nottoway 3,354 Blackstone
22%
Caroline 1,174 Bowling Green
22%
Westmoreland 3,937 Colonial Beach
22%
Buckingham 440 Dillwyn
22%
Northampton 1,451 Exmore
22%
Gloucester 10,373 Gloucester Point
22%
Buchanan 822 Grundy
22%
Bath 586 Hot Springs
22%
Greensville 637 Jarratt
22%
Lancaster 1,415 Kilmarnock
22%
Russell 3,122 Lebanon
22%
Highland 165 Monterey
22%
Craig 126 New Castle
22%
Giles 2,860 Pearisburg
22%
Henry 746 Ridgeway
22%
Lunenburg 1,742 Victoria
22%
Roanoke 8,021 Vinton
22%
Sussex 1,875 Waverly
22%
Surry 304 Claremont
17%
Dickenson 1,358 Clintwood
17%
Scott 2,030 Gate City
17%
Carroll 2,876 Hillsville
17%
Grayson 1,002 Independence
17%
Charlotte 798 Keysville
17%
Fluvanna 10,457 Lake Monticello
17%
Lee 1,602 Pennington Gap
17%
Tazewell 5,213 Richlands
17%
Middlesex 500 Urbanna
17%
Northumberland 239 Heathsville
11%
Nelson 1,372 Nellysford
11%
Henrico 48,517 Tuckahoe
11%
Botetourt 3,193 Cloverdale
6%
Prince George 5,944 Fort Gregg-Adams
6%
York 18,846 Grafton
6%
Greene 1,552 Twin Lakes
6%
Stafford 5,709 Aquia Harbour
0%
No matching quizzes found
Score Distribution
Percent of People with Each Score
Percentile by Number Answered
Your Score History
You have not taken this quiz